The Republic of China under Chiang Kai-shek : Taiwan today

Đã lưu trong:
Bibliografiske detaljer
Hovedforfatter: Lumley, F. A.
Format: Bog
Sprog:Undetermined
Udgivet: London Barrie & Jenkins 1976
Fag:
Tags: Tilføj Tag
Ingen Tags, Vær først til at tagge denne postø!
Thư viện lưu trữ: Trung tâm Học liệu Trường Đại học Cần Thơ
LEADER 00528nam a2200205Ia 4500
001 CTU_91093
008 210402s9999 xx 000 0 und d
082 |a 951.249 
082 |b L958 
100 |a Lumley, F. A. 
245 4 |a The Republic of China under Chiang Kai-shek : 
245 0 |b Taiwan today 
245 0 |c F. A. Lumley 
260 |a London 
260 |b Barrie & Jenkins 
260 |c 1976 
650 |a Taiwan 
650 |x History 
904 |i Nguyên 
980 |a Trung tâm Học liệu Trường Đại học Cần Thơ